| 000 | 00678nam a2200217 4500 | ||
|---|---|---|---|
| 999 |
_c3636 _d3636 |
||
| 003 | OSt | ||
| 005 | 20220128090252.0 | ||
| 008 | 730703s1972 stka 001 0 eng b | ||
| 020 | _a0443008833 | ||
| 040 | _cDLC | ||
| 050 | 1 | 0 |
_aRD118 _b.M22 1972 |
| 100 | 1 | _aMcGregor, Ian A. | |
| 245 | 1 | 0 |
_aFundamental techniques of plastic surgery and their surgical applications _c[by] Ian A. McGregor; foreword by Sir Charles Illingworth. |
| 250 | _a5th ed. | ||
| 260 |
_aEdinburgh, _bChurchill Livingstone, _c1972. |
||
| 300 |
_axii, 301 p. _billus. _c23 cm. |
||
| 350 | _a£4.00 | ||
| 650 | 0 | _aSurgery, Plastic. | |
| 906 |
_a7 _bcbc _corignew _d3 _encip _f19 _gy-gencatlg |
||
| 942 |
_2lcc _cBK |
||